00253nam a2200109Ia 4500008004100000041001200041082001100053100002000064245004700084260000600131650000600137221030s9999 xx 000 0 und d aEnglish a105.23 aP. G. Wodehouse 2aA Pelican at Blandingscby P. G. Wodehouse c0 aB